Statistiche per Forme di paese nella mappa del mondo #3

Clicka qui per fare il quiz!

Statistiche generali

  • Questo quiz è stato fatto 85 volte
  • Il punteggio medio è 16 su 20

Risposte nella Mappa

Le risposte nella mappa del quiz sottostante sono codificate secondo una scala di colori dal rosso al verde in base alla % di persone che hanno risposto correttamente.
 

Statistiche sulle risposte

nazione% Corretto
Italia
99%
Brasile
96%
Arabia Saudita
91%
Cile
91%
Madagascar
91%
Portogallo
91%
Irlanda
90%
Australia
88%
Norvegia
88%
Kazakistan
85%
Tunisia
85%
Turchia
85%
Namibia
84%
Bielorussia
73%
Senegal
73%
Nepal
72%
Tanzania
72%
Camerun
67%
Nicaragua
66%
Cambogia
64%

Distribuzione punteggi

Percentile per numero di risposta

Percentuale di utenti per punteggio

I tuoi punteggi nel tempo

Non hai fatto questo quiz